• 首页
  • 本馆介绍
  • 公告通知
  • 最新文献
  • 馆藏检索
  • 电子资源
  • 读者导购
  • 参考咨询
  • 我的图书馆
  • 登录
  • 详细信息显示
  • 放入我的书架
  • 预约/预借图书
  • 作者相关作品
  • 分类相关作品
  • 丛书相关作品
  • 出版社相关作品

书目信息

  • 表格格式
  • 工作单格式
  • 卡片格式
题名:
听障儿童全面康复
    
 
作者: 胡向阳 主编
分册:  
出版信息: 北京   北京科学技术出版社  2012.09
页数: 362页
开本: 24cm
丛书名: 全国听力语言康复教育改革项目系列丛书
单 册:
中图分类: R764.430.9
科图分类:
主题词: 听力障碍--儿童语言--康复--研究 , 听力障碍 , 儿童语言 , 康复
电子资源:
ISBN: 978-7-5304-6010-8
000 00979oam2 2200289 450
001 0102100443
005 20210402100825.0
010    @a978-7-5304-6010-8@dCNY45.00
100    @a20121116e20202012em y0chiy50 ea
101 0  @achi
102    @aCN@b110000
105    @ay z 000yy
106    @ar
200 1  @a听障儿童全面康复@Ating zhang er tong quan mian kang fu@f胡向阳主编
210    @a北京@c北京科学技术出版社@d2012.09@h2020.10
215    @a362页@d24cm
225 2  @a全国听力语言康复教育改革项目系列丛书
330    @a本书以全面康复思想为指导,系统介绍听障儿童康复的基本理论、知识,帮助读者全面准确地认识听障儿童及其康复的内涵、原则、方法和技术。
461  0 @12001 @a全国听力语言康复教育改革项目系列丛书
606 0  @a听力障碍@x儿童语言@x康复@x研究
606 0  @a听力障碍
606 0  @a儿童语言
606 0  @a康复
690    @aR764.430.9@v5
701  0 @a胡向阳@Ahu xiang yang@c(残联)@4主编
801  0 @aCN@bBJSZM@c20210402
905    @b1279503-7@dR764.430.9@e11@f5
    
    听障儿童全面康复/胡向阳主编.-北京:北京科学技术出版社,2012.09(2020.10)
    362页;24cm.-(全国听力语言康复教育改革项目系列丛书)
    
    
    ISBN 978-7-5304-6010-8:CNY45.00
    本书以全面康复思想为指导,系统介绍听障儿童康复的基本理论、知识,帮助读者全面准确地认识听障儿童及其康复的内涵、原则、方法和技术。
●
相关链接 在E读中查询图书 在五车中查询图书 在当当中查询图书 在豆瓣中查询图书


正题名:听障儿童全面康复     索取号:R764.430.9/11         预约/预借

序号 登录号 条形码 馆藏地/架位号 状态 备注
1 1279503   212795037   第二样本阅览室/ [索取号:R764.430.9/11] 在馆    
2 1279504   212795046   教育系资料室/ [索取号:R764.430.9/11] 已借出,限还日期为2026.09.17
借出人:孙立双  
 
3 1279505   212795055   教育系资料室/ [索取号:R764.430.9/11] 在馆    
4 1279506   212795064   第三借阅区/ [索取号:R764.430.9/11] 在馆    
5 1279507   212795073   第三借阅区/ [索取号:R764.430.9/11] 在馆    
唐山师范学院图书馆 欢迎您!
大连网信软件有限公司© 版权所有